[Event "Kreis-Mitte-EM"]
[Site "Zirndorf"]
[Date "2013.01.04"]
[Round "1.1"]
[White "Saathoff, Richard"]
[Black "Siegl, Melina"]
[Result "1/2-1/2"]
[WhiteElo "2102"]
[BlackElo "1740"]
[PlyCount "76"]
[EventDate "2013.??.??"]
[WhiteTeam "Nürnberg Süd SW"]
[BlackTeam "Nürnberg Süd SW"]

1. e4 c5 2. Nf3 e6 3. d4 cxd4 4. Nxd4 a6 5. Bd3 d6 6. c4 Nd7 7. O-O Ngf6 8. Qe2
Qc7 9. b3 Be7 10. Bb2 b6 11. Nc3 Bb7 12. Rae1 O-O 13. Kh1 Ne5 14. Bb1 Ng6 15.
f4 e5 16. fxe5 dxe5 17. Nf5 Bb4 18. a3 Bxc3 19. Bxc3 Rfd8 20. Qf3 Ne8 21. h4 f6
22. h5 Nf4 23. Kh2 Qf7 24. g4 Nd6 25. Ne3 Rac8 26. Nd5 Bxd5 27. exd5 b5 28. Ba5
Rd7 29. cxb5 Nxb5 30. Rc1 Rb8 31. a4 Nd4 32. Qe4 g5 33. hxg6 Nxg6 34. Ba2 Kg7
35. b4 Qe7 36. Rc5 Nf4 37. Re1 Re8 38. Kg1 f5 1/2-1/2

[Event "Kreis-Mitte-EM"]
[Site "Zirndorf"]
[Date "2013.01.04"]
[Round "1.2"]
[White "Schanz, Karlheinz"]
[Black "Wagner, Hans"]
[Result "0-1"]
[WhiteElo "1721"]
[BlackElo "2101"]
[PlyCount "104"]
[EventDate "2013.??.??"]
[WhiteTeam "Mühlhof-Rdf. SC"]
[BlackTeam "Stein 1998 SC"]

1. e4 e5 2. Bc4 Nf6 3. d3 Bc5 4. Nf3 d6 5. h3 Nc6 6. a3 Ne7 7. Nc3 c6 8. Ba2
Bb6 9. Qe2 Ng6 10. O-O O-O 11. Kh2 Be6 12. Ng5 Bxa2 13. Nxa2 d5 14. Nc3 Qd7 15.
g3 h6 16. Nf3 Rae8 17. Na4 Bc7 18. Nc5 Qe7 19. Nb3 Bd6 20. Bd2 Nd7 21. Ng1 f5
22. f3 h5 23. Rad1 f4 24. g4 hxg4 25. fxg4 Nf6 26. Nf3 Nh7 27. Be1 Ng5 28. Nbd2
Ne6 29. Bf2 b6 30. c4 Nd4 31. Bxd4 exd4 32. Qf2 dxc4 33. Nxc4 c5 34. a4 Bc7 35.
Qc2 Nh8 36. Ncd2 g5 37. Qc4+ Kg7 38. Kg2 Ng6 39. Qd5 Kh6 40. Kf2 Rd8 41. Qc6
Rd6 42. Qb5 Kg7 43. Nc4 Re6 44. Rh1 Rh8 45. Rde1 Nh4 46. Ncd2 Reh6 47. Ng1 f3
48. Nc4 Bf4 49. Qb3 Rf8 50. Rf1 Rhf6 51. Qd1 Qc7 52. Nxf3 Bg3+ 0-1

[Event "Kreis-Mitte-EM"]
[Site "Zirndorf"]
[Date "2013.01.04"]
[Round "1.3"]
[White "Erlbeck, Peter"]
[Black "Siegl, Adrian"]
[Result "1-0"]
[WhiteElo "2030"]
[BlackElo "1696"]
[PlyCount "83"]
[EventDate "2013.??.??"]
[WhiteTeam "Nürnberg Süd SW"]
[BlackTeam "Nürnberg Süd SW"]

1. e4 c5 2. Nc3 e6 3. f4 Nc6 4. Nf3 Nf6 5. Bb5 d5 6. d3 a6 7. Bxc6+ bxc6 8. O-O
Be7 9. b3 O-O 10. Qe1 Re8 11. Ne5 Qc7 12. Na4 a5 13. Ba3 Ba6 14. c4 Bd6 15. Bb2
d4 16. Qg3 h6 17. Bc1 Kh8 18. Ng4 Nxg4 19. Qxg4 e5 20. f5 Bc8 21. Qh5 Bf8 22.
Rf3 Qe7 23. f6 Qe6 24. fxg7+ Bxg7 25. Nxc5 Qg6 26. Qxg6 fxg6 27. Bd2 g5 28. Rf7
Rf8 29. Raf1 Bg4 30. Rc7 Rac8 31. Rxc8 Rxc8 32. h3 Bh5 33. g4 Bg6 34. Bxa5 Ra8
35. b4 Bf8 36. Ne6 Bg7 37. Nxg7 Kxg7 38. Bc7 Re8 39. a4 Kg8 40. a5 Re7 41. Bd6
Re8 42. Rf8+ 1-0

[Event "Kreis-Mitte-EM"]
[Site "Zirndorf"]
[Date "2013.01.04"]
[Round "1.4"]
[White "Babichev, Vyacheslav"]
[Black "Ulusoy, Tolga"]
[Result "0-1"]
[WhiteElo "1682"]
[BlackElo "2021"]
[PlyCount "56"]
[EventDate "2013.??.??"]
[WhiteTeam "Nürnberg Süd SW"]
[BlackTeam "Nürnberg Noris-Tarr. SC"]

1. e4 c5 2. Nf3 d6 3. g3 g6 4. Bg2 Bg7 5. O-O Nc6 6. c3 Nf6 7. d3 O-O 8. Nbd2
Rb8 9. Re1 Ng4 10. Nf1 b5 11. Rb1 Qa5 12. a3 b4 13. cxb4 cxb4 14. Bd2 Qb6 15.
h3 Nxf2 16. Be3 Nxd1 17. Bxb6 Nxb2 18. Be3 bxa3 19. d4 Nb4 20. Rec1 Ba6 21. Ne1
Rfc8 22. Nd2 a2 23. Rxc8+ Rxc8 24. Ra1 Rc3 25. Bf2 N2d3 26. Nxd3 Rxd3 27. Nf3
Rb3 28. Nd2 Rb2 0-1

[Event "Kreis-Mitte-EM"]
[Site "Zirndorf"]
[Date "2013.01.04"]
[Round "1.5"]
[White "Klein, Waldemar"]
[Black "Walch, Roger"]
[Result "1-0"]
[WhiteElo "1927"]
[BlackElo "1668"]
[PlyCount "107"]
[EventDate "2013.??.??"]
[WhiteTeam "Nürnberg Süd SW"]
[BlackTeam "Nürnberg Süd SW"]

1. c4 e5 2. g3 Nf6 3. Bg2 Bc5 4. e3 Nc6 5. Nc3 O-O 6. d3 a6 7. Nge2 d6 8. O-O
Be6 9. Nd5 Rb8 10. Nec3 Bf5 11. a3 Nxd5 12. cxd5 Ne7 13. b4 Ba7 14. Ne2 Qd7 15.
Re1 c6 16. dxc6 Nxc6 17. Bb2 Bg4 18. Qd2 d5 19. f3 Be6 20. d4 f6 21. Rac1 Rbc8
22. Red1 Rfd8 23. Bc3 b5 24. Qb2 f5 25. Rc2 e4 26. f4 Ne7 27. Nc1 Bf7 28. Nb3
Bh5 29. Rdc1 Qd6 30. Nc5 Rc7 31. h3 Qh6 32. Bf1 g5 33. Rh2 Kf7 34. g4 Bg6 35.
fxg5 Qxg5 36. Qf2 Rc6 37. Rg2 Qh6 38. h4 Ke8 39. g5 Qf8 40. Be2 Bb8 41. h5 Bf7
42. Qh4 Rdd6 43. Rf1 Qg8 44. Be1 Rd8 45. Bg3 f4 46. Bxf4 Nf5 47. Qf2 Bd6 48.
Bg4 Bxf4 49. Bxf5 Bxg5 50. Bd7+ Rxd7 51. Nxd7 Bxh5 52. Nf6+ Rxf6 53. Qxf6 Bxe3+
54. Kh1 1-0

[Event "Kreis-Mitte-EM"]
[Site "Zirndorf"]
[Date "2013.01.04"]
[Round "1.6"]
[White "Berntgen, Henri"]
[Black "Luther, Helmut"]
[Result "0-1"]
[WhiteElo "1652"]
[BlackElo "1922"]
[PlyCount "90"]
[EventDate "2013.??.??"]
[WhiteTeam "Nürnberg Süd SW"]
[BlackTeam "Nürnberg Süd SW"]

1. b4 e5 2. Bb2 d6 3. e3 f5 4. d4 e4 5. d5 Nf6 6. c4 Be7 7. Nd2 O-O 8. Nb3 c5
9. b5 a6 10. a4 Nbd7 11. g3 Ng4 12. Qd2 Bf6 13. Be2 Bxb2 14. Qxb2 Nge5 15.
O-O-O axb5 16. axb5 Nb6 17. Qc3 Ra4 18. Nxc5 dxc5 19. Qxe5 Nxc4 20. Qc3 Na5 21.
Kb2 b6 22. Nh3 Bd7 23. Rb1 Qe8 24. Kc2 Qf7 25. Rhd1 Qf6 26. Qxf6 Rxf6 27. d6
Ra2+ 28. Rb2 Rxb2+ 29. Kxb2 Rh6 30. Nf4 Rxh2 31. Kc3 Rxf2 32. Rd2 Kf8 33. Nd5
g6 34. Nxb6 Ke8 35. Nxd7 Kxd7 36. b6 Kd8 37. Rb2 Nb7 38. Ra2 Nxd6 39. Ra8+ Kd7
40. Ba6 Kc6 41. Rb8 Ra2 42. Rc8+ Kxb6 43. Rd8 Rxa6 44. Rxd6+ Kb5 45. Rd1 Ra3+
0-1

[Event "Kreis-Mitte-EM"]
[Site "Zirndorf"]
[Date "2013.01.04"]
[Round "1.7"]
[White "Lais, Thomas"]
[Black "Mantel, Ruben"]
[Result "1/2-1/2"]
[WhiteElo "1910"]
[BlackElo "1640"]
[PlyCount "107"]
[EventDate "2013.??.??"]
[WhiteTeam "Nürnberg Süd SW"]
[BlackTeam "Nürnberg Zabo Spvg"]

1. e4 c5 2. Nf3 Nc6 3. d4 cxd4 4. Nxd4 g6 5. c4 Bg7 6. Be3 d6 7. Nc3 Nf6 8. Be2
O-O 9. O-O Bd7 10. h3 Rc8 11. Qd2 a6 12. Rac1 Ne5 13. b3 Bc6 14. f4 Ned7 15.
Bf3 Re8 16. Nxc6 bxc6 17. Rfd1 Qa5 18. Qf2 c5 19. Nd5 Nb8 20. Rc2 Nc6 21. Kh1
Qd8 22. Nxf6+ Bxf6 23. Bxc5 Qa5 24. Be3 Qb4 25. Rf1 a5 26. e5 Bg7 27. exd6 Qxd6
28. Rd1 Qc7 29. Rcd2 Red8 30. Rxd8+ Rxd8 31. Rxd8+ Nxd8 32. Bb6 Qd7 33. Be3 Nc6
34. Bxc6 Qxc6 35. Qd2 Qc7 36. Qd5 h6 37. c5 e6 38. Qd6 Qxd6 39. cxd6 Kf8 40.
Bd2 a4 41. bxa4 Ke8 42. Bb4 Kd7 43. Kg1 g5 44. fxg5 hxg5 45. Kf2 Bd4+ 46. Kf3
f5 47. g3 e5 48. h4 g4+ 49. Kg2 f4 50. gxf4 exf4 51. a5 f3+ 52. Kg3 Be5+ 53.
Kf2 Bd4+ 54. Kg3 1/2-1/2

[Event "Kreis-Mitte-EM"]
[Site "Zirndorf"]
[Date "2013.01.04"]
[Round "1.8"]
[White "Drees, Martin"]
[Black "Fiedler, Wolfgang"]
[Result "0-1"]
[WhiteElo "1629"]
[BlackElo "1902"]
[PlyCount "154"]
[EventDate "2013.??.??"]
[WhiteTeam "Cadolzburg TSV"]
[BlackTeam "Zirndorf SK"]

1. e4 g6 2. d4 Bg7 3. Nc3 d6 4. Nf3 b6 5. Bc4 e6 6. Bf4 Bb7 7. Qe2 Ne7 8. O-O-O
a6 9. e5 d5 10. Bb3 c5 11. dxc5 bxc5 12. Ne4 O-O 13. Nxc5 Qc7 14. Nxb7 Qxb7 15.
h4 h5 16. Qd2 Rc8 17. Bh6 Bh8 18. Qg5 Nf5 19. Rhg1 Nc6 20. g4 hxg4 21. Rxg4
Nxh6 22. Qxh6 Bg7 23. Qg5 Qe7 24. Qxe7 Nxe7 25. Rdg1 Kf8 26. h5 Bh6+ 27. Kb1
gxh5 28. Rh4 Nf5 29. Rxh5 Rd8 30. Rd1 Ke7 31. c3 Rh8 32. Bxd5 Rad8 33. Bb3 Bf4
34. Rxh8 Rxh8 35. Bc4 a5 36. Bb5 Rh3 37. Bc6 Nh6 38. b4 axb4 39. cxb4 Ng4 40.
Rd4 Nxe5 41. Nxe5 Bxe5 42. Rd7+ Kf8 43. b5 Rh4 44. b6 Rb4+ 45. Kc2 Rxb6 46. Bf3
Rb2+ 47. Kd3 Rxa2 48. Ke3 Ra5 49. Be2 Ra2 50. Bd3 Rb2 51. f4 Ke8 52. Ra7 Bb8
53. Ra8 Ke7 54. f5 e5 55. Be4 Bc7 56. Kd3 Bb6 57. Kc4 Rd2 58. Kc3 Rd4 59. Bc2
Bc5 60. Bb3 Bb4+ 61. Kc2 Rd2+ 62. Kc1 Rd7 63. Ra4 Bc5 64. Ra6 Be3+ 65. Kc2 Bg5
66. Bc4 e4 67. Bf1 Rd2+ 68. Kc3 Rf2 69. Ra7+ Kf6 70. Bc4 Ke5 71. Rxf7 Bf6 72.
Be6 Rh2 73. Kc4 Rd2 74. Kc3 e3 75. Bc8 Rd6 76. Be6 e2 77. Rf8 e1=Q+ 0-1

[Event "Kreis-Mitte-EM"]
[Site "Zirndorf"]
[Date "2013.01.04"]
[Round "1.9"]
[White "Herlan, Klaus-Jürgen"]
[Black "Mantel, Hubert"]
[Result "1-0"]
[WhiteElo "1878"]
[BlackElo "1628"]
[PlyCount "53"]
[EventDate "2013.??.??"]
[WhiteTeam "Nürnberg Noris-Tarr. SC"]
[BlackTeam "Nürnberg Zabo Spvg"]

1. d4 d5 2. Nf3 e6 3. e3 f5 4. c4 c6 5. Nc3 Nf6 6. Be2 Be7 7. O-O O-O 8. Rb1
Ne4 9. Qc2 Nd7 10. b4 Ndf6 11. Ne5 Bd6 12. f3 Nxc3 13. Qxc3 Qc7 14. c5 Bxe5 15.
dxe5 Nd7 16. Bb2 f4 17. exf4 Rxf4 18. g3 Rf5 19. f4 Nf8 20. Rbe1 Ng6 21. Bd3
Rf8 22. f5 exf5 23. e6 Rf6 24. Bxf5 Qe7 25. Qe3 Rf8 26. Bh3 Re8 27. Rf7 1-0

[Event "Kreis-Mitte-EM"]
[Site "Zirndorf"]
[Date "2013.01.04"]
[Round "1.10"]
[White "Berg, Winfried"]
[Black "Süß, Stefan"]
[Result "0-1"]
[WhiteElo "1614"]
[BlackElo "1867"]
[PlyCount "50"]
[EventDate "2013.??.??"]
[WhiteTeam "Nürnberg Süd SW"]
[BlackTeam "Nürnberg Noris-Tarr. SC"]

1. e4 c5 2. Nc3 Nc6 3. Bb5 e6 4. Bxc6 bxc6 5. f4 d5 6. Nf3 Ba6 7. d3 Nf6 8. e5
Nd7 9. O-O Be7 10. Ne2 O-O 11. g4 Qc7 12. Kh1 d4 13. Ng3 f6 14. f5 Nxe5 15.
fxe6 Bc8 16. Nh4 Bxe6 17. Nhf5 g6 18. Nxe7+ Qxe7 19. h3 Bd5+ 20. Kh2 Rae8 21.
Bh6 Rf7 22. Nf5 gxf5 23. gxf5 Kh8 24. Qh5 Rg8 25. Rae1 Rg2+ 0-1

[Event "Kreis-Mitte-EM"]
[Site "Zirndorf"]
[Date "2013.01.04"]
[Round "1.11"]
[White "Schulz, Wilfried"]
[Black "Nüßlein, Christian"]
[Result "1/2-1/2"]
[WhiteElo "1851"]
[BlackElo "1612"]
[PlyCount "110"]
[EventDate "2013.??.??"]
[WhiteTeam "Zirndorf SK"]
[BlackTeam "Nürnberg 1978 SGem"]

1. e4 Nf6 2. Nc3 e5 3. f4 d6 4. Nf3 Nc6 5. Bb5 Bd7 6. O-O a6 7. Bxc6 Bxc6 8. d3
exf4 9. Bxf4 Be7 10. Qe2 O-O 11. Rae1 Qd7 12. Nd4 Rae8 13. Nf5 Bd8 14. Bg5 Nxe4
15. Nxe4 Bxe4 16. dxe4 Bxg5 17. Qg4 Qd8 18. h4 Bf6 19. Rf3 g6 20. Ref1 Re6 21.
h5 Bg5 22. Rg3 gxf5 23. Qxg5+ Qxg5 24. Rxg5+ Kh8 25. Rgxf5 Rxe4 26. Rxf7 Rxf7
27. Rxf7 Rc4 28. c3 b5 29. h6 Kg8 30. Rg7+ Kh8 31. g3 c5 32. Kf2 b4 33. Ra7 Kg8
34. Rxa6 bxc3 35. bxc3 Rxc3 36. Rxd6 Rc2+ 37. Kf3 Rxa2 38. Rc6 Ra5 39. g4 Kf7
40. Kf4 Ra4+ 41. Kf5 Ra5 42. Rc7+ Kg8 43. g5 c4+ 44. Ke6 Ra8 45. Rxc4 Re8+ 46.
Kf6 Rf8+ 47. Ke7 Rf7+ 48. Ke6 Rf8 49. Rc6 Re8+ 50. Kf5 Rf8+ 51. Rf6 Rf7 52. Kg4
Ra7 53. Rb6 Ra8 54. Kh5 Rd8 55. Rb7 Kh8 1/2-1/2

[Event "Kreis-Mitte-EM"]
[Site "Zirndorf"]
[Date "2013.01.04"]
[Round "1.12"]
[White "Pörzgen, Michael"]
[Black "Leis, Stefan"]
[Result "0-1"]
[WhiteElo "1606"]
[BlackElo "1849"]
[PlyCount "32"]
[EventDate "2013.??.??"]
[WhiteTeam "Nürnberg Süd SW"]
[BlackTeam "Mühlhof-Rdf. SC"]

1. e4 c5 2. Nf3 e6 3. c3 Nf6 4. e5 Nd5 5. d4 cxd4 6. Nxd4 d6 7. Bb5+ Bd7 8.
exd6 Bxd6 9. Nf5 Bxb5 10. Nxg7+ Kd7 11. c4 Qf6 12. O-O Qh4 13. f4 Rg8 14. Nf5
Rxg2+ 15. Kxg2 exf5 16. Qxd5 Bc6 0-1

[Event "Kreis-Mitte-EM"]
[Site "Zirndorf"]
[Date "2013.01.04"]
[Round "1.13"]
[White "Zeitler, Hans-Jürgen"]
[Black "Münzenberg, Dietrich"]
[Result "1-0"]
[WhiteElo "1834"]
[BlackElo "1588"]
[PlyCount "59"]
[EventDate "2013.??.??"]
[WhiteTeam "Nürnberg 1911 SK"]
[BlackTeam "Nürnberg Zabo Spvg"]

1. d4 e6 2. c4 f5 3. Nf3 Nf6 4. g3 d5 5. Bg2 c6 6. O-O Bd6 7. b3 O-O 8. Ba3 Ne4
9. Bxd6 Qxd6 10. e3 Nd7 11. Qc2 h6 12. Nc3 g5 13. Rad1 b6 14. cxd5 exd5 15. Na4
Ba6 16. Rfe1 Rae8 17. Nb2 Bb7 18. Nd3 a5 19. Nfe5 Nxe5 20. Nxe5 Rxe5 21. dxe5
Qxe5 22. f3 Nf6 23. e4 fxe4 24. fxe4 dxe4 25. Bxe4 Nxe4 26. Rxe4 Qf5 27. Qc4+
Kg7 28. Re7+ Kh8 29. Qc3+ Kg8 30. Qg7# 1-0

[Event "Kreis-Mitte-EM"]
[Site "Zirndorf"]
[Date "2013.01.04"]
[Round "1.14"]
[White "Ratscheu, Stefan"]
[Black "Straschewski, Jörg"]
[Result "1/2-1/2"]
[WhiteElo "1539"]
[BlackElo "1832"]
[PlyCount "101"]
[EventDate "2013.??.??"]
[WhiteTeam "Postbauer-Heng SC"]
[BlackTeam "Cadolzburg TSV"]

1. e4 e6 2. Nf3 d5 3. Nc3 d4 4. Ne2 c5 5. d3 Nc6 6. c3 e5 7. cxd4 cxd4 8. Bd2
Bd6 9. Ng3 Nge7 10. Be2 Qb6 11. b3 f6 12. h4 Be6 13. O-O Rc8 14. Ne1 Bb4 15.
Nc2 Bd6 16. Nh5 O-O 17. Ng3 Nb4 18. Nxb4 Bxb4 19. Bxb4 Qxb4 20. Qe1 Qxe1 21.
Rfxe1 Rc2 22. Bd1 Rc3 23. Be2 Rfc8 24. Red1 Rc2 25. Re1 R8c6 26. Bd1 Rd2 27.
Be2 Rcc2 28. Rac1 Rxc1 29. Rxc1 Rxa2 30. Rc7 Ng6 31. Rxb7 Nf4 32. Rb8+ Kf7 33.
Rb7+ Kg6 34. Bf1 h5 35. b4 Ra6 36. Ne2 Nxe2+ 37. Bxe2 Rb6 38. Rxb6 axb6 39. f3
Kf7 40. Kf1 g5 41. g3 Kg6 42. Kf2 gxh4 43. gxh4 f5 44. Ke1 f4 45. Kd2 Kf6 46.
Kc2 Ke7 47. Kb2 Kd6 48. Ka3 Bh3 49. Kb3 Kc6 50. Ka4 Be6 51. Ka3 1/2-1/2

[Event "Kreis-Mitte-EM"]
[Site "Zirndorf"]
[Date "2013.01.04"]
[Round "1.15"]
[White "Thürauf, Peter"]
[Black "Belich, Max"]
[Result "1-0"]
[WhiteElo "1828"]
[BlackElo "1534"]
[PlyCount "66"]
[EventDate "2013.??.??"]
[WhiteTeam "Nürnberg Süd SW"]
[BlackTeam "Nürnberg Süd SW"]

1. d4 d5 2. Nf3 Nf6 3. c4 c6 4. cxd5 cxd5 5. Nc3 Nc6 6. Bf4 a6 7. e3 e6 8. Bd3
Bd6 9. Bg3 Nb4 10. Bb1 b5 11. Bh4 Be7 12. O-O Bb7 13. Ne5 Nc6 14. f4 Nxe5 15.
fxe5 Ne4 16. Nxe4 dxe4 17. Bxe7 Qxe7 18. Qg4 h5 19. Qxg7 Rf8 20. a3 Kd7 21. Ba2
Rac8 22. Bb3 Bd5 23. Bxd5 exd5 24. Rf6 Rc6 25. Raf1 Rxf6 26. Rxf6 a5 27. Ra6
Rc8 28. Rd6+ Ke8 29. Qh8+ Qf8 30. Qxh5 Rc1+ 31. Kf2 Rc2+ 32. Ke1 Rxg2 33. Qh3
Qg7 1-0

[Event "Kreis-Mitte-EM"]
[Site "Zirndorf"]
[Date "2013.01.04"]
[Round "1.16"]
[White "Gottlieb, Michael"]
[Black "Knab, Reinhard"]
[Result "1/2-1/2"]
[WhiteElo "1522"]
[BlackElo "1827"]
[PlyCount "42"]
[EventDate "2013.??.??"]
[WhiteTeam "Postbauer-Heng SC"]
[BlackTeam "Nürnberg Zabo Spvg"]

1. e4 e5 2. f4 Qf6 3. Nf3 Qxf4 4. Nc3 Bb4 5. d3 Qf6 6. Bg5 Bxc3+ 7. bxc3 Qc6 8.
Qd2 f6 9. Be3 d6 10. Be2 Nd7 11. a4 a6 12. O-O Nf8 13. Nh4 Ne7 14. Nf5 Nxf5 15.
exf5 Qd7 16. d4 Qf7 17. c4 exd4 18. Bxd4 Nd7 19. Rae1 O-O 20. Qc3 c6 21. c5 d5
1/2-1/2

[Event "Kreis-Mitte-EM"]
[Site "Zirndorf"]
[Date "2013.01.04"]
[Round "1.17"]
[White "Rummel, Gerald"]
[Black "Dreiseitel, Werner"]
[Result "1-0"]
[WhiteElo "1787"]
[BlackElo "1521"]
[PlyCount "57"]
[EventDate "2013.??.??"]
[WhiteTeam "Nürnberg Anderssen SC"]
[BlackTeam "Nürnberg Noris-Tarr. SC"]

1. c4 c6 2. g3 e6 3. Bg2 d5 4. Nf3 dxc4 5. a4 Qb6 6. Na3 Qb3 7. Ne5 Nd7 8.
Nexc4 Nc5 9. O-O Qxd1 10. Rxd1 Nb3 11. Rb1 Nxc1 12. Rdxc1 Nf6 13. b4 Bd7 14. b5
Rc8 15. Rb3 Nd5 16. Ne5 c5 17. Rd3 a6 18. Nxd7 Nb4 19. Nxf8 Nxd3 20. exd3 axb5
21. Nxb5 Kxf8 22. Bxb7 Rd8 23. Rxc5 Ke7 24. d4 Rb8 25. Rc7+ Kf6 26. a5 Rhd8 27.
a6 Rd5 28. Bxd5 Rxb5 29. a7 1-0

[Event "Kreis-Mitte-EM"]
[Site "Zirndorf"]
[Date "2013.01.04"]
[Round "1.18"]
[White "Weidenhöfer, Robert"]
[Black "Meulner, Fabian"]
[Result "1/2-1/2"]
[WhiteElo "1469"]
[BlackElo "1753"]
[PlyCount "73"]
[EventDate "2013.??.??"]
[WhiteTeam "Nürnberg Süd SW"]
[BlackTeam "Nürnberg Süd SW"]

1. e4 e5 2. Nf3 Nc6 3. d4 exd4 4. Nxd4 Bc5 5. c3 Qf6 6. Be3 Qg6 7. Nd2 Nge7 8.
Qc2 O-O 9. O-O-O Bb6 10. h3 d6 11. g4 d5 12. Bg2 Nxd4 13. cxd4 Bd7 14. f4 dxe4
15. Bxe4 f5 16. gxf5 Bxf5 17. Qc4+ Kh8 18. Bxb7 Rab8 19. Rdg1 Qe6 20. Qxe6 Bxe6
21. Be4 Nf5 22. Bxf5 Rxf5 23. Rg5 h6 24. Rg6 Bf7 25. Rg3 Bxa2 26. b3 Ba5 27.
Rhg1 g5 28. fxg5 hxg5 29. Rxg5 Rxg5 30. Rxg5 Bxd2+ 31. Kxd2 Rxb3 32. Ra5 Bb1
33. Rxa7 Bf5 34. Rxc7 Bxh3 35. Bf4 Kg8 36. Rc3 Rxc3 37. Kxc3 1/2-1/2

[Event "Kreis-Mitte-EM"]
[Site "Zirndorf"]
[Date "2013.01.04"]
[Round "1.19"]
[White "Weißmann, Peter"]
[Black "Mantel, Hans"]
[Result "1-0"]
[WhiteElo "1750"]
[BlackElo "1376"]
[PlyCount "65"]
[EventDate "2013.??.??"]
[WhiteTeam "Zirndorf SK"]
[BlackTeam "Nürnberg Zabo Spvg"]

1. e4 c5 2. Nf3 Nc6 3. d4 cxd4 4. Nxd4 d6 5. Nc3 Nf6 6. Be2 g6 7. Be3 Bg7 8. h4
h5 9. Qd2 a6 10. f3 Bd7 11. O-O-O b5 12. Nxc6 Bxc6 13. Nd5 Nxd5 14. exd5 Bd7
15. g4 a5 16. Bd4 f6 17. gxh5 Rxh5 18. f4 Rxd5 19. Bf3 Bc6 20. Qg2 e6 21. Rhg1
Qe7 22. Qxg6+ Kf8 23. Bxd5 Bxd5 24. h5 e5 25. fxe5 dxe5 26. Bxe5 Qxe5 27. Qxg7+
Ke8 28. Rge1 Be4 29. h6 Rc8 30. Qd7+ Kf8 31. Qxc8+ Kf7 32. Qd7+ Kg8 33. Qg7#
1-0

[Event "Kreis-Mitte-EM"]
[Site "Zirndorf"]
[Date "2013.01.04"]
[Round "2.1"]
[White "Wagner, Hans"]
[Black "Zeitler, Hans-Jürgen"]
[Result "0-1"]
[WhiteElo "2101"]
[BlackElo "1834"]
[PlyCount "80"]
[EventDate "2013.??.??"]
[WhiteTeam "Stein 1998 SC"]
[BlackTeam "Nürnberg 1911 SK"]

1. e4 c5 2. Nf3 d6 3. d4 cxd4 4. Nxd4 Nf6 5. Nc3 g6 6. Be3 Bg7 7. f3 O-O 8. Qd2
Nc6 9. Bc4 Bd7 10. h4 Rc8 11. Bb3 h5 12. O-O-O Ne5 13. Bh6 Bxh6 14. Qxh6 Rxc3
15. bxc3 Qa5 16. g4 Qxc3 17. Kb1 a5 18. g5 Nh7 19. f4 a4 20. Ne2 Qb4 21. Rd4
Qb6 22. fxe5 axb3 23. axb3 Ra8 24. Rf1 Be6 25. Rf6 Nf8 26. exd6 exd6 27. Kb2
Qa5 28. Ra4 Qe5+ 29. Nc3 Rxa4 30. bxa4 Qd4 31. Rf3 Nd7 32. Rd3 Qb4+ 33. Ka1 Ne5
34. Nd5 Bxd5 35. Rxd5 Qxa4+ 36. Kb1 Qb4+ 37. Kc1 Nc4 38. Kd1 Ne3+ 39. Ke2 Nxd5
40. exd5 Qe4+ 0-1

[Event "Kreis-Mitte-EM"]
[Site "Zirndorf"]
[Date "2013.01.04"]
[Round "2.2"]
[White "Süß, Stefan"]
[Black "Erlbeck, Peter"]
[Result "1/2-1/2"]
[WhiteElo "1867"]
[BlackElo "2030"]
[PlyCount "89"]
[EventDate "2013.??.??"]
[WhiteTeam "Nürnberg Noris-Tarr. SC"]
[BlackTeam "Nürnberg Süd SW"]

1. Nf3 f5 2. d4 Nf6 3. g3 g6 4. Bg2 Bg7 5. O-O O-O 6. b3 d6 7. Bb2 c6 8. c4 Qe8
9. Nc3 h6 10. d5 Bd7 11. Nd4 Na6 12. Qd2 g5 13. f4 g4 14. e4 fxe4 15. Nxe4 c5
16. Ne6 Bxe6 17. dxe6 Rb8 18. Nxf6+ Bxf6 19. Bxf6 Rxf6 20. f5 Qf8 21. Be4 Nc7
22. Rf4 Qg7 23. Raf1 Ne8 24. Qe2 h5 25. h3 gxh3 26. Kh1 Qg5 27. Rh4 Ng7 28.
Rxh3 Rbf8 29. g4 hxg4 30. Rg3 Rh6+ 31. Kg2 Rh4 32. Rh1 Rxh1 33. Kxh1 Nh5 34.
Rxg4 Ng3+ 35. Kg2 Nxe2 36. Rxg5+ Kh8 37. Bxb7 Nf4+ 38. Kg3 Nd3 39. Be4 Nc1 40.
Kf4 Ne2+ 41. Ke3 Nd4 42. Bd3 a5 43. Rh5+ Kg7 44. Rg5+ Kh8 45. Rh5+ 1/2-1/2

[Event "Kreis-Mitte-EM"]
[Site "Zirndorf"]
[Date "2013.01.04"]
[Round "2.3"]
[White "Ulusoy, Tolga"]
[Black "Thürauf, Peter"]
[Result "1-0"]
[WhiteElo "2021"]
[BlackElo "1828"]
[PlyCount "127"]
[EventDate "2013.??.??"]
[WhiteTeam "Nürnberg Noris-Tarr. SC"]
[BlackTeam "Nürnberg Süd SW"]

1. e4 c5 2. c3 Nf6 3. e5 Nd5 4. d4 cxd4 5. Nf3 Nc6 6. cxd4 e6 7. Bc4 Nb6 8. Bb3
d6 9. O-O dxe5 10. dxe5 Qxd1 11. Rxd1 Bc5 12. Nc3 O-O 13. Ne4 Be7 14. a3 Na5
15. Ba2 Nac4 16. a4 f5 17. Nc3 Rd8 18. Rxd8+ Bxd8 19. b3 Na5 20. b4 Nc6 21. a5
Nd7 22. Bxe6+ Kh8 23. Bxf5 Ndxe5 24. Be4 Nxf3+ 25. Bxf3 Bf6 26. Ra3 Nxb4 27.
Nd5 Nc2 28. Ra2 Nd4 29. Ra3 Nxf3+ 30. gxf3 Bh3 31. Nf4 Rd8 32. Nxh3 Rd1+ 33.
Kg2 Rxc1 34. Rb3 Rc7 35. Nf4 Rd7 36. Nd3 b6 37. axb6 axb6 38. Nf4 Rd6 39. Rb5
Kg8 40. Nd5 Bd8 41. f4 Kf7 42. Kf3 Ke6 43. f5+ Kd7 44. Nb4 Rh6 45. Kg3 Be7 46.
Rd5+ Kc7 47. Rb5 Bxb4 48. Rxb4 Kc6 49. h4 Rd6 50. h5 g6 51. Rg4 gxh5 52. Rg7
Kd5 53. Rxh7 b5 54. Rxh5 Rf6 55. Kf4 b4 56. Rh3 Kc4 57. Ke5 Rf8 58. f6 b3 59.
f4 b2 60. Rh1 Rb8 61. f7 Rb5+ 62. Kf6 Rb6+ 63. Kg7 Rb7 64. Kg8 1-0

[Event "Kreis-Mitte-EM"]
[Site "Zirndorf"]
[Date "2013.01.04"]
[Round "2.4"]
[White "Leis, Stefan"]
[Black "Klein, Waldemar"]
[Result "1-0"]
[WhiteElo "1849"]
[BlackElo "1927"]
[PlyCount "83"]
[EventDate "2013.??.??"]
[WhiteTeam "Mühlhof-Rdf. SC"]
[BlackTeam "Nürnberg Süd SW"]

1. d4 d5 2. e4 c6 3. Nc3 g6 4. Be3 Bg7 5. Nf3 Bg4 6. Be2 e6 7. h3 Bxf3 8. Bxf3
Nf6 9. Qd2 dxe4 10. Nxe4 Nxe4 11. Bxe4 O-O 12. O-O Re8 13. Rad1 Qe7 14. Bf3 Nd7
15. c4 Nb6 16. b3 Rad8 17. Qa5 Nc8 18. Rfe1 Rd6 19. Rd2 h6 20. Red1 Qd8 21.
Qxd8 Rexd8 22. d5 cxd5 23. cxd5 e5 24. Bc5 R6d7 25. g4 Bf8 26. d6 Bxd6 27. Bxb7
Rxb7 28. Bxd6 Nxd6 29. Rxd6 Rxd6 30. Rxd6 Kf8 31. Rd5 f6 32. Rd6 Kf7 33. Kg2 h5
34. Kg3 hxg4 35. hxg4 f5 36. gxf5 gxf5 37. Rh6 Kg7 38. Re6 Kf7 39. Rxe5 Kf6 40.
Ra5 Kg5 41. f4+ Kf6 42. Ra6+ 1-0

[Event "Kreis-Mitte-EM"]
[Site "Zirndorf"]
[Date "2013.01.04"]
[Round "2.5"]
[White "Luther, Helmut"]
[Black "Rummel, Gerald"]
[Result "1-0"]
[WhiteElo "1922"]
[BlackElo "1787"]
[PlyCount "113"]
[EventDate "2013.??.??"]
[WhiteTeam "Nürnberg Süd SW"]
[BlackTeam "Nürnberg Anderssen SC"]

1. d4 Nf6 2. c4 c5 3. e3 g6 4. Nf3 Bg7 5. g3 b6 6. Bg2 Bb7 7. O-O O-O 8. b3 Na6
9. Bb2 d5 10. Qe2 dxc4 11. bxc4 Rc8 12. Nbd2 e6 13. Nb3 Qe7 14. Rfd1 Rfd8 15.
Rac1 Bc6 16. h4 Qb7 17. Ne1 Bxg2 18. Nxg2 h5 19. Nf4 Ng4 20. d5 exd5 21. Bxg7
Kxg7 22. Nxd5 Nb4 23. e4 f6 24. f3 Ne5 25. a3 Nbc6 26. Kg2 a5 27. Rb1 Qa6 28.
Rdc1 a4 29. Nd2 Nd4 30. Qe3 Rd6 31. Kh3 Qb7 32. Kg2 Re8 33. Kh3 f5 34. Kg2 Rde6
35. Nf4 Rd6 36. Nd5 Nd7 37. Qf4 Rde6 38. Re1 Nf6 39. Nxf6 Rxf6 40. exf5 Rxe1
41. Rxe1 Rxf5 42. Qe3 Qf7 43. Rb1 Qf6 44. f4 Qc6+ 45. Kf2 Qd6 46. Ne4 Qe6 47.
Ng5 Qxe3+ 48. Kxe3 Rf6 49. Rb2 Nb3 50. Nf3 Re6+ 51. Ne5 Rd6 52. g4 hxg4 53.
Nxg4 Rd4 54. Ne5 Kf6 55. Rg2 Kf5 56. Rg5+ Kf6 57. Rxg6+ 1-0

[Event "Kreis-Mitte-EM"]
[Site "Zirndorf"]
[Date "2013.01.04"]
[Round "2.6"]
[White "Fiedler, Wolfgang"]
[Black "Weißmann, Peter"]
[Result "1-0"]
[WhiteElo "1902"]
[BlackElo "1750"]
[PlyCount "37"]
[EventDate "2013.??.??"]
[WhiteTeam "Zirndorf SK"]
[BlackTeam "Zirndorf SK"]

1. Nf3 d5 2. g3 g6 3. Bg2 Bg7 4. d3 e5 5. Nbd2 Ne7 6. e4 O-O 7. O-O c6 8. Qe2
d4 9. Ne1 f5 10. exf5 Bxf5 11. Nc4 Qc7 12. f4 Nd7 13. fxe5 Bxe5 14. Nf3 Bf6 15.
Bf4 Qd8 16. Bh6 Bg7 17. Bxg7 Kxg7 18. Ng5 Nd5 19. Rxf5 1-0